000 00684nam a22002057a 4500
003 BD-DhJNU
005 20250224065750.0
008 250224b |||||||| |||| 00| 0 eng d
020 _a9781403921802
020 _a1403921806
040 _aBD-DhJNU
_bENG
_cBD-DhJNU
_dBD-DhJNU
082 _223
_a070.4333
100 _aSpencer, Graham
245 _aThe media and peace : from Vietnam to the 'War on terror' / Graham Spencer.
_bfrom Vietnam to the 'War on terror' /
_cGraham Spencer.
260 _aBasingstoke :
_bPalgrave Macmillan,
_c2005.
300 _aix, 212 p. :
_c22 cm.
504 _aincludes bibliographical reference and index
650 _aJournalism
942 _2ddc
_cBK
_n0
999 _c1383
_d1383